Statistiques concernant Anagrammes villes d'Espagne

Cliquez ici pour prendre le quiz!

Statistiques générales

  • Ce quiz a été pris 127 fois
  • Le résultat moyen est 10 sur 16

Statistiques - réponses

AnagrammeVille% Correct
VEILLESSéville
96%
NOELLeon
90%
ENCLAVEValence
90%
CERIUMMurcie
83%
LAMPAPalma
81%
BOURGSBurgos
71%
RONGEEGérone
65%
JINGOGijon
61%
OVOIDEOviedo
58%
LAITANCEAlicante
56%
DERANGEGrenade
56%
REMBALLAMarbella
53%
ARROGANTETarragone
42%
AMIRALEAlmeria
38%
DAMIERMérida
35%
NASARDENTSantander
26%

Distribution des résultats

Percentile par nombre de réponses

% des personnes avec chaque résultat

Votre développement - résultats

Vous n’avez pas pris ce quiz